LIBRARY & INFORMATION CENTRE, KCAET, TAVANUR

ONLINE PUBLIC ACCESS CATALOGUE (OPAC)

Nonconventional energy growth, resources and policies / (Record no. 2185)

MARC details
000 -LEADER
fixed length control field 00476cam a2200181ua 4500
003 - CONTROL NUMBER IDENTIFIER
control field OSt
008 - FIXED-LENGTH DATA ELEMENTS--GENERAL INFORMATION
fixed length control field 241101b |||||||| |||| 00| 0 eng d
020 ## - INTERNATIONAL STANDARD BOOK NUMBER
ISBN 0-7069-7622-3
041 ## - LANGUAGE CODE
Language code of text/sound track or separate title eng
082 ## - DEWEY DECIMAL CLASSIFICATION NUMBER
Classification number 621.47
Item number MON/NO
100 ## - MAIN ENTRY--AUTHOR NAME
Personal name Monga, G.S .
245 ## - TITLE STATEMENT
Title Nonconventional energy growth, resources and policies /
250 ## - EDITION STATEMENT
Edition statement 1 /
260 ## - PUBLICATION, DISTRIBUTION, ETC. (IMPRINT)
Place of publication :
Name of publisher Vikas publishing house pvt ltd ,
Year of publication 1994.
300 ## - PHYSICAL DESCRIPTION
Number of Pages 187 ; .
700 1# - ADDED ENTRY--PERSONAL NAME
Personal name Sanctis, V.J .
942 ## - ADDED ENTRY ELEMENTS (KOHA)
Koha item type Books
Holdings
Withdrawn status Lost status Damaged status Home library Current library Shelving location Date acquired Full call number Accession Number Koha item type
      KAUAET KAUAET Shelf- 7A 07/04/2012 621.47 MON/NO 18383 Books
free website counter